000 00372nam a22001337a 4500
082 _a158
_bCAR/H
100 _aCARNEGIE, DALE
245 _aHOW TO WIN FRIENDS AND INFLUENCE PEOPLE
246 _aHOW TO WIN FRIENDS AND INFLUENCE PEOPLE
_bHOW TO WIN FRIENDS AND INFLUENCE PEOPLE
260 _aNEW DELHI
_bGO WOO
_c2025
300 _a261
650 _aMOTIVATIONAL
942 _cBK
999 _c9172
_d9172